| Tag |
First Indicator |
Second Indicator |
Subfields |
| LEADER |
00000cam a2200000 4500 |
| 001 |
in00000067736 |
| 005 |
20151008050814.0 |
| 008 |
790213s1963 nyu b 00000 eng |
| 010 |
|
|
|a 63014213
|
| 035 |
|
|
|a (OCoLC)04650080
|
| 035 |
|
|
|9 AAG3485AM
|
| 040 |
|
|
|a DLC
|c NAM
|d TXA
|d UtOrBLW
|
| 049 |
|
|
|a TXAM
|c [402618]
|
| 082 |
0 |
|
|a 340.096
|
| 090 |
|
|
|a K561
|b .C5 1963
|
| 092 |
|
|
|a 340.096
|b A547c
|
| 100 |
1 |
|
|a Anderson, J. N. D.
|q (James Norman Dalrymple),
|d 1908-1994.
|
| 245 |
1 |
0 |
|a Changing law in developing countries.
|
| 264 |
|
1 |
|a New York :
|b F.A. Praeger,
|c [1963]
|
| 300 |
|
|
|a 292 pages ;
|c 23 cm.
|
| 336 |
|
|
|a text
|b txt
|2 rdacontent
|
| 337 |
|
|
|a unmediated
|b n
|2 rdamedia
|
| 338 |
|
|
|a volume
|b nc
|2 rdacarrier
|
| 490 |
0 |
|
|a Studies on modern Asia and Africa, no. 2
|
| 490 |
0 |
|
|a Books that matter
|
| 504 |
|
|
|a Bibliographical footnotes.
|
| 650 |
|
0 |
|a Law
|z Africa.
|
| 650 |
|
0 |
|a Islamic law
|z Africa.
|
| 999 |
|
|
|a MARS
|
| 999 |
f |
f |
|s d4a805a5-5d48-3bce-be06-c3693d9b4c58
|i b53a15bc-46e9-32fd-8bf8-de2408f66b44
|t 0
|
| 952 |
f |
f |
|p ric
|a Texas A&M University
|b Rellis Campus
|c Joint Library Facility
|d Remote Storage
|t 0
|e K561 .C5 1963
|h Library of Congress classification
|i unmediated -- volume
|m A14800779907
|
| 998 |
f |
f |
|a K561 .C5 1963
|t 0
|l Remote Storage
|